000 00690nam a2200241Ia 4500
003 OSt
005 20220918201306.0
006 a|||||r|||| 00| 0
007 ta
008 220917b |||||||| |||| 00| 0 eng d
024 _a92,944
037 _cTextual
040 _aARTS
_cARTS
_beng
041 _2eng
_aeng
082 _aV1N:1:N5, K7-;2
100 _aplano Jack C
_997988
245 0 _aForging World order
_b the politics of international organization
260 _aLodnon
_bMacmillan UK
_c1967
650 _aHISTORY
700 _a Riggs Robert E
_997989
942 _hV1N:1:N5, K7-;2
_cTEXL
_2CC
999 _c216592
_d216592